Países europeus por área - Statistics

Estatísticas Gerais
  • Esse quiz foi jogado 90 vezes
  • A pontuação média é 29 de 45
Estatísticas das Respostas
Área Dica País % Correto
3.960 mil km² R Rússia
98%
640 mil km² F França
97%
504 mil km² E Espanha
95%
603 mil km² U Ucrânia
95%
357 mil km² A Alemanha
93%
312 mil km² P Polônia
90%
449 mil km² S Suécia
90%
386 mil km² N Noruega
88%
337 mil km² F Finlândia
86%
207 mil km² B Belarus
85%
244 mil km² R Reino Unido
83%
237 mil km² R Romênia
83%
131 mil km² G Grécia
81%
301 mil km² I Itália
81%
121 mil km² P Portugal
80%
93 mil km² H Hungria
78%
110 mil km² B Bulgária
71%
83 mil km² A Áustria
69%
103 mil km² I Islândia
66%
64 mil km² L Letônia
66%
65 mil km² L Lituânia
64%
77 mil km² S Sérvia
64%
70 mil km² I Irlanda
59%
0,44 km² V Vaticano
59%
43 mil km² D Dinamarca
58%
51 mil km² B Bósnia e Herzegovina
56%
56 mil km² C Croácia
56%
48 mil km² E Eslováquia
56%
41.2 mil km² S Suiça
56%
30 mil km² B Bélgica
53%
41.5 mil km² P Países Baixos
53%
10 mil km² K Kosovo
51%
2 km² M Mônaco
51%
61 km² S San Marino
51%
468 km² A Andorra
49%
45 mil km² E Estônia
49%
2 mil km² L Luxemburgo
49%
20 mil km² E Eslovênia
46%
28 mil km² A Albânia
44%
160 km² L Liechtenstein
42%
33 mil km² M Moldávia
42%
25 mil km² M Macedônia do Norte
41%
316 km² M Malta
41%
13 mil km² M Montenegro
41%
78 mil km² T Tchéquia
31%
Nenhum quiz correspondente encontrado
Distribuição das Pontuações
Porcentagem de Pessoas com Cada Pontuação
Percentil de Números Respondidos
Sua Pontuação Histórica
Você não jogou esse quiz